ARRUPE JESUIT UNIVERSITY

CORONAVIRUS -STOP THE SPREAD - CLEAN,DISINFECT,COVER

Interpreting the truth : (Record no. 125064)

MARC details
000 -LEADER
fixed length control field 01359cam a22002774a 4500
001 - CONTROL NUMBER
control field 13163485
003 - CONTROL NUMBER IDENTIFIER
control field ARRUPE
005 - DATE AND TIME OF LATEST TRANSACTION
control field 20160909114338.0
008 - FIXED-LENGTH DATA ELEMENTS--GENERAL INFORMATION
fixed length control field 030415s2003 pau b 001 0 eng
010 ## - LIBRARY OF CONGRESS CONTROL NUMBER
LC control number 2003008785
020 ## - INTERNATIONAL STANDARD BOOK NUMBER
International Standard Book Number 1563384108 (pbk.)
040 ## - CATALOGING SOURCE
Original cataloging agency DLC
Transcribing agency DLC
Modifying agency DLC
042 ## - AUTHENTICATION CODE
Authentication code pcc
050 00 - LIBRARY OF CONGRESS CALL NUMBER
Classification number BS476
Item number .C67 2003
082 00 - DEWEY DECIMAL CLASSIFICATION NUMBER
Classification number 227/.0601
Edition number 21
300 ## - PHYSICAL DESCRIPTION
Dimensions 23 cm.
100 1# - MAIN ENTRY--PERSONAL NAME
Personal name Countryman, Louis William,
Dates associated with a name 1941-
9 (RLIN) 25267
245 10 - TITLE STATEMENT
Title Interpreting the truth :
Remainder of title changing the paradigm of biblical studies /
Statement of responsibility, etc L. William Countryman.
260 ## - PUBLICATION, DISTRIBUTION, ETC. (IMPRINT)
Place of publication, distribution, etc Harrisburg, PA :
Name of publisher, distributor, etc Trinity Press International,
Date of publication, distribution, etc c2003.
300 ## - PHYSICAL DESCRIPTION
Extent ix, 245 p. ;
504 ## - BIBLIOGRAPHY, ETC. NOTE
Bibliography, etc Includes bibliographical references (p. 235-238) and index.
505 0# - FORMATTED CONTENTS NOTE
Formatted contents note The interpreter and the practice of interpretation -- First steps in interpretation : an application to Jude -- Moving toward synthesis -- Introducing complexity : further exploration of Jude -- The challenge of interpreting New Testament letters -- Conversing with the letter of Jude -- Interpreting the letter of James -- Interpreting Paul's letter to Romans.
630 00 - SUBJECT ADDED ENTRY--UNIFORM TITLE
Uniform title Bible
General subdivision Hermeneutics.
9 (RLIN) 25268
906 ## - LOCAL DATA ELEMENT F, LDF (RLIN)
a 7
b cbc
c orignew
d 1
e ecip
f 20
g y-gencatlg
942 ## - ADDED ENTRY ELEMENTS (KOHA)
Source of classification or shelving scheme Library of Congress Classification
Koha item type Monograph ( Printed materials)
Holdings
Withdrawn status Lost status Source of classification or shelving scheme Damaged status Not for loan Collection code Home library Current library Shelving location Date acquired Total Checkouts Full call number Barcode Date last seen Price effective from Koha item type
    Library of Congress Classification     Main Collection ARRUPE LIBRARY ARRUPE LIBRARY Main Collection 23/08/2016   BS476 .C67 2003 46500010295 23/08/2016 23/08/2016 Monograph ( Printed materials)

 

Arrupe Library. PO Box MP320 Mt Pleasant, Harare, Zimbabwe
263 242 745411|librarian@aju.ac.zw